000 00214 a2200097 4500
001 20504
100 _akamenichny I
245 _aHeat Treatment A Handbook
260 _a
_bMir Publishers
_c
090 _c14901
_d14901
942 _aNUST-CAE
_cM
_c5449
999 _c255577
_d255577